| 000 | 00923nam a22002895i 4500 | ||
|---|---|---|---|
| 001 | 16197 | ||
| 003 | ES-MaACL | ||
| 005 | 20230906151247.0 | ||
| 007 | t| | ||
| 008 | 000707s1991 sp ||||0| spa j | ||
| 020 | _a84-323-0732-7 | ||
| 040 |
_aM-BN _bspa _cM-BN |
||
| 080 | _a159.922.1-055.2 | ||
| 080 | _a616.891.2 | ||
| 100 | 1 |
_aDio Bleichmar, Emilce. _944846 |
|
| 245 | 1 | 3 |
_aEl feminismo espontáneo de la histeria _b: estudio de los trastornos narcisistas de la feminidad / _cpor Emilce Dio Bleichmar. |
| 250 | _a[3ª ed.]. | ||
| 260 |
_aMadrid : _bSiglo XXI de España, _c1991. |
||
| 300 |
_aXXVII, 200 p. ; _c21 cm. |
||
| 490 | 1 | _aDesigualdades y diferencias | |
| 504 | _aBibliografía: p.[186]-195. | ||
| 650 | 1 | 4 |
_aMujeres- _xPsicología. _915309 |
| 650 | 1 | 4 |
_aHisteria. _913371 |
| 830 | 0 |
_aDesigualdades y diferencias _9179897 |
|
| 852 |
_aES-MaACL _jL-23396 _bR.128400 |
||
| 999 |
_c16197 _d16197 |
||